[Event "World Youth U16 Olympiad"]
[Site "Gyor HUN"]
[Date "2014.12.18"]
[Round "7.20"]
[Board "2"]
[White "Kwon, Sehyun"]
[Black "Zlatin, Alexander"]
[Result "1/2-1/2"]
[WhiteElo "1947"]
[BlackElo "2032"]
[WhiteTeam "South Korea 1"]
[BlackTeam "Rehovot Chess School"]
[WhiteFideId "13203088"]
[BlackFideId "2810549"]
[EventDate "2014.12.13"]
[EventType "team"]

1. e4 e5 2. Nf3 Nc6 3. Bb5 a6 4. Ba4 Nf6 5. d3 b5 6. Bb3 Bc5 7. O-O d6 8. c3 O-O
9. Re1 h6 10. h3 Bb6 11. a4 Rb8 12. Na3 Na5 13. Bc2 c6 14. b4 Nb7 15. d4 Bc7 16.
c4 Qe8 17. cxb5 cxb5 18. axb5 axb5 19. Qe2 Bd7 20. Bd3 Nd8 21. d5 Nh5 22. Be3 f5
23. Rac1 Rb7 24. Nxb5 Bxb5 25. Bxb5 Qxb5 26. Qxb5 Rxb5 27. Rxc7 fxe4 28. Nd2 Nf6
29. Rc4 Nxd5 30. Nxe4 Nf7 31. Bd2 Rfb8 32. Rc6 R5b6 33. Rec1 Kf8 34. Rc8+ Ke7
35. Rxb8 Rxb8 36. Rb1 Rb5 37. Ra1 Rb7 38. Kh2 Ke6 39. Ra6 Rb6 40. Rxb6 Nxb6 41.
Nc3 d5 42. Kg3 Nc4 43. Be1 d4 44. Ne4 Kd5 45. Nc5 Ng5 46. f4 Ne4+ 47. Nxe4 Kxe4
48. fxe5 Nxe5 49. b5 Nc4 50. Bb4 d3 51. Kf2 h5 52. Bc5 Kd5 53. b6 Kc6 54. Bd4 g5
55. g4 hxg4 56. hxg4 Nxb6 57. Ke3 Nd7 58. Kxd3 Kd5 59. Ke3 Ne5 60. Bc3 Nxg4+ 61.
Kf3 Ne5+ 62. Bxe5 Kxe5 63. Kg4 Kf6 64. Kg3 Kf5 65. Kf3 g4+ 66. Kg3 Kg5 67. Kg2
Kh4 68. Kh2 Kg5 69. Kg3 Kf5 70. Kg2 Kf4 71. Kf2 g3+ 72. Kg2 Kg4 73. Kg1 Kh3 74.
Kh1 Kg4 75. Kg2 Kf4 76. Kg1 Kf3 77. Kf1 g2+ 1/2-1/2

[Event "World Youth U16 Olympiad"]
[Site "Gyor HUN"]
[Date "2014.12.18"]
[Round "7.20"]
[Board "3"]
[White "Parkhov, Yair"]
[Black "Nam, Ju Won"]
[Result "1-0"]
[WhiteElo "1960"]
[BlackElo "1435"]
[WhiteTeam "Rehovot Chess School"]
[BlackTeam "South Korea 1"]
[WhiteFideId "2813408"]
[BlackFideId "13203240"]
[EventDate "2014.12.13"]
[EventType "team"]

1. d4 d5 2. c4 c6 3. Nf3 Nf6 4. e3 Bf5 5. Nc3 e6 6. Qb3 Qb6 7. Qxb6 axb6 8. Nh4
Bg6 9. Nxg6 hxg6 10. Bd3 Bb4 11. O-O O-O 12. Bd2 Nbd7 13. a3 Bd6 14. Rfd1 e5 15.
cxd5 Nxd5 16. Nxd5 cxd5 17. Bb5 Nf6 18. dxe5 Bxe5 19. Rab1 Rac8 20. Bb4 Rfd8 21.
Be7 1-0

[Event "World Youth U16 Olympiad"]
[Site "Gyor HUN"]
[Date "2014.12.18"]
[Round "7.20"]
[Board "4"]
[White "Choi, Hyunhyo"]
[Black "Gorodetzky, Matan"]
[Result "0-1"]
[WhiteElo "1399"]
[BlackElo "1751"]
[WhiteTeam "South Korea 1"]
[BlackTeam "Rehovot Chess School"]
[WhiteFideId "13203185"]
[BlackFideId "2813394"]
[EventDate "2014.12.13"]
[EventType "team"]

1. e4 e6 2. d4 d5 3. e5 c5 4. c3 Nc6 5. Nf3 Qb6 6. Be2 Nh6 7. b3 cxd4 8. cxd4
Bb4+ 9. Kf1 Nf5 10. Bb2 h5 11. h4 Bd7 12. a3 Be7 13. Nc3 Nfxd4 14. Nxd5 exd5 15.
Bxd4 Nxd4 16. Nxd4 Bc5 17. Nc2 Bc6 18. f4 Qxb3 19. Rh3 Qa4 20. Nb4 Qxd1+ 21.
Rxd1 Bxb4 22. axb4 a6 23. f5 Ke7 24. Rg3 Kf8 25. Rg5 Re8 26. e6 fxe6 27. Bxh5
Re7 28. Re1 e5 29. g3 d4 30. Bd1 e4 31. Rg4 Rf7 32. Rf4 g5 33. fxg6 Rxf4+ 0-1

[Event "World Youth U16 Olympiad"]
[Site "Gyor HUN"]
[Date "2014.12.18"]
[Round "7.21"]
[Board "1"]
[White "Kolver, Chris"]
[Black "Taalaibekov, Tagir"]
[Result "1/2-1/2"]
[WhiteElo "1806"]
[BlackElo "2047"]
[WhiteTeam "South Africa 2"]
[BlackTeam "Kyrgyzstan"]
[WhiteFideId "14307820"]
[BlackFideId "13801163"]
[EventDate "2014.12.13"]
[EventType "team"]

1. d4 Nf6 2. c4 e6 3. Nc3 Bb4 4. f3 d5 5. a3 Bxc3+ 6. bxc3 O-O 7. cxd5 exd5 8.
e3 c5 9. Bd3 b6 10. Ne2 Ba6 11. O-O Re8 12. Ng3 Bxd3 13. Qxd3 Nc6 14. Bb2 c4 15.
Qd2 Na5 16. Rae1 Nb3 17. Qc2 Qd6 18. Bc1 Qc6 19. Bb2 h5 20. Qf5 h4 21. Nh5 Nxh5
22. Qxh5 Re6 23. Qxh4 Rae8 24. Qf2 R8e7 25. Re2 b5 26. Rfe1 Qe8 27. Kf1 a5 28.
Qh4 Rxe3 29. Rxe3 Rxe3 30. Rxe3 Qxe3 31. Qd8+ Kh7 32. Qh4+ Kg6 33. Qg3+ Kh7 34.
Qh4+ Qh6 35. Qxh6+ Kxh6 36. Ke2 f5 37. Kd1 Kg6 38. Bc1 b4 39. axb4 axb4 40. Bb2
bxc3 41. Bxc3 f4 42. Kc2 Kf5 43. Kd1 g5 44. h3 Ke6 45. Kc2 Kd6 46. Bb2 Na5 47.
Kc3 Nc6 48. Bc1 Ke6 49. h4 gxh4 50. Bxf4 Ne7 51. Bg5 Ng6 52. Bd8 Nf4 53. Bxh4
Nxg2 54. Bg3 Kf5 55. Kd2 Kg5 56. Ke2 Nf4+ 57. Ke3 Ne6 58. Be5 Kf5 59. Bd6 Nd8
60. Bb4 Nf7 61. Bc5 Ke6 62. Bb4 Nh6 63. Bc3 Nf5+ 64. Kf4 Nd6 65. Ke3 Nb5 66. Bb4
Kf5 67. Be1 Na3 68. Bf2 Nb5 69. Be1 Kg5 70. Bb4 Nc7 71. Bd6 Ne6 72. Be5 Nd8 73.
Bg3 Nf7 74. Bc7 Nh6 75. Bf4+ Kg6 76. Be5 Nf5+ 77. Kd2 Kg5 78. Ke2 Kh4 79. Ke1
Kh3 80. Kf2 Ne7 81. Bd6 Nc6 82. Bc5 Na5 83. Ke3 Nb7 84. Be7 Kg3 85. Bf6 Na5 86.
Be5+ Kh4 87. Bd6 Nb3 88. Ba3 Na1 89. Bc5 Kg5 90. Bb6 Kf5 91. Bc5 c3 92. Kd3 c2
93. Ba3 Kf4 94. Bb2 Kxf3 95. Kd2 c1=Q+ 96. Kxc1 Nb3+ 97. Kc2 Nxd4+ 1/2-1/2

[Event "World Youth U16 Olympiad"]
[Site "Gyor HUN"]
[Date "2014.12.18"]
[Round "7.21"]
[Board "2"]
[White "Isaev, Chingys"]
[Black "Gluckman, Paul"]
[Result "1-0"]
[BlackTitle "FM"]
[WhiteElo "1949"]
[BlackElo "1696"]
[WhiteTeam "Kyrgyzstan"]
[BlackTeam "South Africa 2"]
[WhiteFideId "13801660"]
[BlackFideId "14309513"]
[EventDate "2014.12.13"]
[EventType "team"]

1. d4 f5 2. g3 e6 3. Bg2 Nf6 4. c4 d5 5. Nh3 c6 6. O-O Bd6 7. Nd2 O-O 8. Qc2 Qe8
9. Nf3 Ne4 10. Bf4 Bxf4 11. Nxf4 Nd7 12. b4 Nd6 13. Nd2 Ne4 14. Nb3 Nd6 15. c5
Nc4 16. e4 Qf7 17. Rfe1 Nf6 18. e5 Ne8 19. Bf1 g5 20. Nh3 Qh5 21. f4 Na3 22. Qc1
g4 23. Nf2 Nb5 24. a4 Nbc7 25. b5 Rb8 26. b6 Na6 27. Na5 Qf7 28. Bxa6 axb6 29.
Nxc6 bxc6 30. Bxc8 Nc7 31. cxb6 Rxb6 32. a5 Rb8 33. a6 Rbxc8 34. Qxc6 Qe8 35.
Qxe8 Rfxe8 36. Reb1 Na8 37. Nd3 Rc7 38. a7 Kf7 39. Nc5 Ree7 40. Rb8 Re8 41. Nxe6
Rxe6 42. Rxa8 1-0

[Event "World Youth U16 Olympiad"]
[Site "Gyor HUN"]
[Date "2014.12.18"]
[Round "7.21"]
[Board "3"]
[White "Van Der Lingen, Cornelis Petrus"]
[Black "Isakzhanov, Aibek"]
[Result "0-1"]
[WhiteElo "1712"]
[BlackElo "1785"]
[WhiteTeam "South Africa 2"]
[BlackTeam "Kyrgyzstan"]
[WhiteFideId "14306620"]
[BlackFideId "13802542"]
[EventDate "2014.12.13"]
[EventType "team"]

1. e4 c5 2. Nf3 d6 3. d4 cxd4 4. Nxd4 Nf6 5. Nc3 g6 6. Be3 Bg7 7. f3 Nc6 8. Qd2
O-O 9. g4 Be6 10. O-O-O Ne5 11. h4 Bc4 12. Bh6 Bxf1 13. Rdxf1 Nc4 14. Qg5 Nxe4
15. fxe4 Bxd4 16. Qd5 Be3+ 17. Bxe3 Nxe3 18. Qxb7 Nxf1 19. Rxf1 e6 20. h5 Qg5+
21. Kb1 Qxg4 22. hxg6 fxg6 23. Rh1 h5 24. a3 h4 25. Qe7 h3 26. Qxd6 Rad8 27. Qh2
Rf3 28. Qe5 Rdf8 29. Ka2 Rf1 30. Rh2 R1f2 31. Rh1 Rxc2 32. Kb3 Rcf2 33. a4 Kh7
34. Qd4 Qg2 35. Rb1 h2 36. Nd1 h1=Q 37. Ne3 Qxb1 38. Nxg2 Rb8+ 39. Ka3 Qa1# 0-1

[Event "World Youth U16 Olympiad"]
[Site "Gyor HUN"]
[Date "2014.12.18"]
[Round "7.22"]
[Board "1"]
[White "Essop, Hishaam"]
[Black "Egyed, Viktoria"]
[Result "1/2-1/2"]
[WhiteElo "1749"]
[BlackElo "1990"]
[WhiteTeam "South Africa 1"]
[BlackTeam "Hungary (Girls)"]
[WhiteFideId "14306549"]
[BlackFideId "741450"]
[EventDate "2014.12.13"]
[EventType "team"]

1. e4 c5 2. Nc3 Nc6 3. g3 g6 4. Bg2 Bg7 5. Nge2 e5 6. d3 Nge7 7. O-O O-O 8. Be3
d6 9. Qd2 Nd4 10. f4 f5 11. Nd1 Rb8 12. c3 Nxe2+ 13. Qxe2 b5 14. Re1 b4 15. fxe5
bxc3 16. bxc3 Bxe5 17. d4 cxd4 18. Bxd4 Bxd4+ 19. cxd4 fxe4 20. Qxe4 Nf5 21. Nc3
Qf6 22. Rad1 Bb7 23. Nd5 Qf7 24. Qe6 Qxe6 25. Rxe6 Kf7 26. Re2 Rfe8 27. Rf2 Kg7
28. Rdf1 Ba6 29. Rc1 Rbc8 30. Nc7 Re7 1/2-1/2

[Event "World Youth U16 Olympiad"]
[Site "Gyor HUN"]
[Date "2014.12.18"]
[Round "7.22"]
[Board "2"]
[White "Simon, Lili"]
[Black "Roos, Lucas"]
[Result "1-0"]
[WhiteElo "1901"]
[BlackElo "1732"]
[WhiteTeam "Hungary (Girls)"]
[BlackTeam "South Africa 1"]
[WhiteFideId "712159"]
[BlackFideId "14308673"]
[EventDate "2014.12.13"]
[EventType "team"]

1. c4 f5 2. g3 Nf6 3. Bg2 g6 4. Nc3 Bg7 5. d4 O-O 6. Nf3 d6 7. O-O Qe8 8. b3 e5
9. dxe5 dxe5 10. Ba3 Rf7 11. Qc2 Nc6 12. Rad1 f4 13. Ng5 Bf5 14. Qc1 fxg3 15.
Nxf7 gxf2+ 16. Rxf2 Qxf7 17. Bd5 Nxd5 18. Nxd5 e4 19. Bb2 e3 20. Nxe3 Bh6 21.
Qc3 1-0

[Event "World Youth U16 Olympiad"]
[Site "Gyor HUN"]
[Date "2014.12.18"]
[Round "7.22"]
[Board "3"]
[White "Berman, Jacob"]
[Black "Egyed, Judit"]
[Result "1-0"]
[WhiteElo "1833"]
[BlackElo "1914"]
[WhiteTeam "South Africa 1"]
[BlackTeam "Hungary (Girls)"]
[WhiteFideId "2071010"]
[BlackFideId "703664"]
[EventDate "2014.12.13"]
[EventType "team"]

1. d4 Nf6 2. c4 g6 3. Nc3 Bg7 4. e4 d6 5. f3 O-O 6. Be3 Nc6 7. Qd2 e5 8. d5 Ne7
9. Bd3 a6 10. Nge2 c6 11. a4 c5 12. a5 Ne8 13. Na4 f5 14. O-O f4 15. Bf2 g5 16.
b4 cxb4 17. Nb6 Rb8 18. Qxb4 g4 19. c5 gxf3 20. gxf3 Bh3 21. Kh1 Bxf1 22. Rxf1
Rf6 23. Rg1 Rh6 24. Bc2 Nc8 25. c6 Qc7 26. Nd7 bxc6 27. Nxb8 c5 28. Qa4 Qf7 29.
Rg2 Kh8 30. Bd3 Nf6 31. Bxa6 Ne7 32. Bb5 Qh5 33. Ng1 Qf7 34. a6 Nc8 35. Nd7 Na7
36. Nxf6 Bxf6 37. Bd7 Bg7 38. Qb3 1-0

[Event "World Youth U16 Olympiad"]
[Site "Gyor HUN"]
[Date "2014.12.18"]
[Round "7.22"]
[Board "4"]
[White "Olle, Rebeka Sara"]
[Black "Breedt, Shade"]
[Result "0-1"]
[BlackTitle "WCM"]
[WhiteElo "1827"]
[BlackElo "1623"]
[WhiteTeam "Hungary (Girls)"]
[BlackTeam "South Africa 1"]
[WhiteFideId "767018"]
[BlackFideId "14304511"]
[EventDate "2014.12.13"]
[EventType "team"]

1. e4 c5 2. Nc3 g6 3. g3 Bg7 4. Bg2 Nc6 5. d3 d6 6. Be3 Nf6 7. h3 Rb8 8. Qd2 Bd7
9. Nge2 O-O 10. f4 b5 11. O-O b4 12. Nd1 Ne8 13. f5 Nc7 14. c3 Nb5 15. Nf4 e6
16. g4 Qa5 17. Ne2 Rfc8 18. f6 Bf8 19. Bh6 Qd8 20. Be3 bxc3 21. Ndxc3 Nbd4 22.
Rf2 Qb6 23. Ng3 Nb4 24. Bh6 Qd8 25. Bg5 Nbc2 26. Rb1 Rb6 27. Nge2 Nb4 28. a3 Nb3
29. Qd1 Nc6 30. Be3 Ncd4 31. Nf4 Rcb8 32. h4 Na5 33. g5 Nac6 34. h5 Ne5 35. b4
a5 36. bxc5 Rxb1 37. Nxb1 dxc5 38. Nd2 Bb5 39. Nf1 Qd7 40. Rd2 Ba4 41. Qe1 Ndf3+ 0-1

[Event "World Youth U16 Olympiad"]
[Site "Gyor HUN"]
[Date "2014.12.18"]
[Round "7.23"]
[Board "1"]
[White "Csuta, Akos Koppany"]
[Black "Mraz, Ondrej"]
[Result "0-1"]
[WhiteElo "2027"]
[BlackElo "2138"]
[WhiteTeam "Györ (Hungary)"]
[BlackTeam "Slovakia Middle"]
[WhiteFideId "760390"]
[BlackFideId "14900335"]
[EventDate "2014.12.13"]
[EventType "team"]

1. e4 e5 2. Nf3 Nc6 3. Bb5 a6 4. Ba4 Nf6 5. d3 b5 6. Bb3 Be7 7. c3 O-O 8. Nbd2
d5 9. O-O dxe4 10. dxe4 Bc5 11. Re1 Qe7 12. Nf1 Rd8 13. Qe2 Na5 14. Bc2 Ng4 15.
Ne3 Nxe3 16. Bxe3 Bxe3 17. Qxe3 Nc4 18. Qc1 Bg4 19. Bd1 Bxf3 20. Bxf3 Qh4 21.
Re2 Rd6 22. g3 Qf6 23. Bg2 Rad8 24. Qe1 g5 25. b3 Nd2 26. Re3 g4 27. Qe2 Qg5 28.
h3 h5 29. h4 Qg6 30. Rc1 c5 31. Rc2 Nb1 32. Rc1 Rd2 33. Qe1 Na3 34. Re2 Qh6 35.
Bf1 Nc2 36. Rxc2 Rd1 37. Kh2 Rxe1 38. Rxe1 Qc6 39. Bg2 Kg7 40. Ree2 Qh6 41. Kg1
Rd1+ 42. Bf1 Qd6 43. Kg2 f5 44. Re3 f4 45. Rd3 Rxd3 46. Bxd3 Qxd3 47. Rc1 Qf3+
48. Kg1 fxg3 49. Rf1 g2 50. Re1 Qh3 51. f4 g3 0-1

[Event "World Youth U16 Olympiad"]
[Site "Gyor HUN"]
[Date "2014.12.18"]
[Round "7.23"]
[Board "2"]
[White "Haring, Viktor"]
[Black "Pesti, Mate"]
[Result "1-0"]
[WhiteElo "2051"]
[BlackElo "1649"]
[WhiteTeam "Slovakia Middle"]
[BlackTeam "Györ (Hungary)"]
[WhiteFideId "14919400"]
[BlackFideId "772194"]
[EventDate "2014.12.13"]
[EventType "team"]

1. e4 c5 2. Nf3 Nc6 3. d4 cxd4 4. Nxd4 g6 5. Be3 Bg7 6. c4 Nf6 7. Nc3 O-O 8. Be2
d6 9. O-O Bd7 10. f3 a6 11. Rc1 Nxd4 12. Bxd4 Bc6 13. b4 Rc8 14. Qd2 Bd7 15.
Rfd1 Be6 16. Na4 Qc7 17. Nb6 Rb8 18. a4 Nd7 19. c5 Bxd4+ 20. Qxd4 Nxb6 21. cxb6
Qd8 22. Rc7 Bb3 23. Ra1 Be6 24. b5 axb5 25. Bxb5 Bc8 26. Rd1 Be6 27. e5 d5 28.
Qb4 h6 29. a5 h5 30. Rxe7 Qc8 31. Rc7 Qd8 32. h4 Kh8 33. Qf4 Kg8 34. Bd3 Qe8 35.
g4 hxg4 36. fxg4 Bd7 37. Rf1 Qe6 38. Bf5 gxf5 39. gxf5 Qe7 40. f6 1-0

[Event "World Youth U16 Olympiad"]
[Site "Gyor HUN"]
[Date "2014.12.18"]
[Round "7.23"]
[Board "3"]
[White "Nagy, Istvan Miklos"]
[Black "Sahidi, Samir"]
[Result "0-1"]
[WhiteElo "1730"]
[BlackElo "2026"]
[WhiteTeam "Györ (Hungary)"]
[BlackTeam "Slovakia Middle"]
[WhiteFideId "760471"]
[BlackFideId "14936372"]
[EventDate "2014.12.13"]
[EventType "team"]

1. e4 c5 2. Nf3 e6 3. g3 Nc6 4. Bg2 g6 5. d4 Bg7 6. d5 Nce7 7. O-O d6 8. Re1 e5
9. c3 f5 10. Bg5 h6 11. Bxe7 Nxe7 12. Nbd2 O-O 13. Qb3 f4 14. Nc4 Kh7 15. Rab1
g5 16. Qa3 g4 17. Nfd2 b5 18. Na5 h5 19. Nab3 h4 20. c4 b4 21. Qa5 f3 22. Qxd8
Rxd8 23. Bf1 hxg3 24. hxg3 a5 25. Nc1 Kg6 26. a4 Bd7 27. b3 Rh8 28. Bg2 fxg2 29.
Kxg2 Bh6 30. Nf1 Raf8 31. Nh2 Rf7 32. Nd3 Bd2 33. Rf1 Bc3 34. Rbd1 Ng8 35. Rc1
Nf6 36. Rc2 Nxe4 37. Nc1 Bd4 38. Nd3 Nxg3 39. Kxg3 Rh3+ 40. Kg2 Rxd3 41. Rb1 Bf5
42. Re2 Rh3 43. Rc1 Rxb3 44. Rh1 Bd3 45. Ree1 Rxf2+ 0-1

[Event "World Youth U16 Olympiad"]
[Site "Gyor HUN"]
[Date "2014.12.18"]
[Round "7.23"]
[Board "4"]
[White "Poliakova, Emma"]
[Black "Nemeth, Balint"]
[Result "1-0"]
[WhiteElo "1679"]
[BlackElo "1560"]
[WhiteTeam "Slovakia Middle"]
[BlackTeam "Györ (Hungary)"]
[WhiteFideId "73601144"]
[BlackFideId "763837"]
[EventDate "2014.12.13"]
[EventType "team"]

1. e4 e5 2. Nf3 Nc6 3. c3 Nf6 4. d4 Nxe4 5. d5 Ne7 6. Nxe5 Ng6 7. Qf3 Nf6 8.
Nxg6 hxg6 9. Bc4 d6 10. Be3 Bg4 11. Qf4 Qd7 12. Qd4 Be7 13. Nd2 Bf5 14. f3 Qd8
15. g4 Bd7 16. O-O-O Nh7 17. Ne4 Bf6 18. Qd2 a6 19. Rde1 Be7 20. Bd4 Rg8 21. h4
Ba4 22. h5 gxh5 23. Rxh5 Nf8 24. Bxg7 Nd7 25. Nf6+ Nxf6 26. Bxf6 1-0

[Event "World Youth U16 Olympiad"]
[Site "Gyor HUN"]
[Date "2014.12.18"]
[Round "7.24"]
[Board "1"]
[White "Oltman, Kayla"]
[Black "Giczi, Alexandra Laura"]
[Result "1/2-1/2"]
[WhiteElo "1529"]
[BlackElo "1424"]
[WhiteTeam "South Africa (Girls)"]
[BlackTeam "Transdanubium 3"]
[WhiteFideId "14318490"]
[BlackFideId "763780"]
[EventDate "2014.12.13"]
[EventType "team"]

1. c4 e5 2. g3 Nf6 3. Bg2 d5 4. cxd5 Nxd5 5. e3 Nc6 6. Ne2 Be6 7. O-O Qd7 8.
Nbc3 Nxc3 9. dxc3 Bd6 10. b3 Bh3 11. Bb2 Bxg2 12. Kxg2 h5 13. h4 g5 14. hxg5 h4
15. gxh4 Rxh4 16. Rh1 Qg4+ 17. Ng3 Qxg5 18. Rxh4 Qxh4 19. Qh1 Qf6 20. Qh3 Rd8
21. Rh1 Bf8 22. Re1 Rd2 23. Re2 Rxe2 24. Nxe2 Qg6+ 25. Kf1 Qb1+ 26. Bc1 Qxa2 27.
Qc8+ Nd8 28. Qxc7 Qxb3 29. Qxe5+ Ne6 30. f4 Bg7 31. Qb8+ Nd8 32. Qxa7 Bxc3 33.
Nxc3 Qxc3 34. Qa4+ Qc6 35. Qxc6+ Nxc6 1/2-1/2

[Event "World Youth U16 Olympiad"]
[Site "Gyor HUN"]
[Date "2014.12.18"]
[Round "7.24"]
[Board "2"]
[White "Juhasz, Judit"]
[Black "Kolver, Michelle"]
[Result "1-0"]
[WhiteElo "1668"]
[BlackElo "1584"]
[WhiteTeam "Transdanubium 3"]
[BlackTeam "South Africa (Girls)"]
[WhiteFideId "768499"]
[BlackFideId "14307839"]
[EventDate "2014.12.13"]
[EventType "team"]

1. e4 e5 2. Bc4 Nf6 3. d3 Nc6 4. c3 Be7 5. Bb3 O-O 6. Nf3 d6 7. Nbd2 Bg4 8. Nf1
Re8 9. Ng3 d5 10. Qe2 d4 11. O-O Na5 12. Bc2 c5 13. h3 Bxf3 14. Qxf3 Nc6 15. Nf5
Bf8 16. Qg3 Re6 17. Nh6+ Kh8 18. Nxf7+ Kg8 19. Nxd8 Rxd8 20. Bb3 1-0

[Event "World Youth U16 Olympiad"]
[Site "Gyor HUN"]
[Date "2014.12.18"]
[Round "7.24"]
[Board "3"]
[White "Samons, Marcelle"]
[Black "Pal, Istvan"]
[Result "0-1"]
[WhiteElo "1539"]
[BlackElo "1406"]
[WhiteTeam "South Africa (Girls)"]
[BlackTeam "Transdanubium 3"]
[WhiteFideId "14318016"]
[BlackFideId "765090"]
[EventDate "2014.12.13"]
[EventType "team"]

1. e4 d5 2. exd5 Qxd5 3. Nc3 Qd6 4. Nf3 Nf6 5. Bc4 Bg4 6. h3 Bh5 7. d3 c6 8. Qe2
e6 9. Ne4 Nxe4 10. Qxe4 Nd7 11. g4 Bg6 12. Qd4 Qxd4 13. Nxd4 Bc5 14. Nf3 b5 15.
Bb3 a5 16. a4 h5 17. g5 O-O 18. Bd2 Bb4 19. Bxb4 axb4 20. Ke2 bxa4 21. Bxa4 Rfc8
22. Nd4 Nc5 23. Nxc6 Rc7 24. Bb5 Rac8 25. Nxb4 Rb8 26. c4 Nb3 27. Na6 Nxa1 28.
Nxb8 Nb3 29. Nc6 Rb7 30. Rd1 h4 31. d4 Bf5 32. Nb4 Bxh3 33. Rd3 Nc1+ 34. Kf3
Nxd3 35. Nxd3 Bf5 36. Nc5 Rb8 37. b4 Rd8 38. Bd7 g6 39. b5 e5 40. Bxf5 gxf5 41.
dxe5 Rd4 42. b6 Rxc4 43. b7 Rb4 44. Kg2 Kh7 45. f3 Kg6 46. Kh3 Kxg5 47. e6 fxe6
48. Nxe6+ Kf6 49. Nc5 Ke7 50. f4 Kd6 51. Nd3 Rxb7 52. Kxh4 Rg7 53. Ne5 Kd5 54.
Kh3 Ke4 55. Nc6 Kxf4 56. Nd4 Ke4 57. Ne2 f4 58. Nxf4 Kxf4 0-1

[Event "World Youth U16 Olympiad"]
[Site "Gyor HUN"]
[Date "2014.12.18"]
[Round "7.25"]
[Board "1"]
[White "Rebaz, Nasir Jamal"]
[Black "Koo, Inmo"]
[Result "1-0"]
[WhiteElo "1719"]
[BlackElo "1846"]
[WhiteTeam "Iraq"]
[BlackTeam "South Korea 2"]
[WhiteFideId "4808649"]
[BlackFideId "13202863"]
[EventDate "2014.12.13"]
[EventType "team"]

1. e4 e5 2. Nf3 Nc6 3. Bb5 a6 4. Ba4 Nf6 5. O-O b5 6. Bb3 Be7 7. Re1 O-O 8. c3
d6 9. d4 Bg4 10. Be3 Nxe4 11. Bd5 Qd7 12. Bxe4 d5 13. Bc2 e4 14. h3 Bh5 15. Ne5
Nxe5 16. Qxh5 Nc4 17. Bb3 g6 18. Qe2 Na5 19. Bh6 Rfd8 20. f3 Bf6 21. Nd2 Bh4 22.
Rf1 Nxb3 23. axb3 exf3 24. Nxf3 Re8 25. Qd3 Bf6 26. Ne5 Bxe5 27. dxe5 Rxe5 28.
Qd4 f6 29. Rxf6 Rae8 30. Raf1 Re1 31. Qe5 1-0

[Event "World Youth U16 Olympiad"]
[Site "Gyor HUN"]
[Date "2014.12.18"]
[Round "7.25"]
[Board "2"]
[White "Huh, Maximilian Romeo Eunhong"]
[Black "Rabeea, Sabah Nori"]
[Result "0-1"]
[BlackTitle "FM"]
[WhiteElo "1231"]
[BlackElo "1944"]
[WhiteTeam "South Korea 2"]
[BlackTeam "Iraq"]
[WhiteFideId "13203193"]
[BlackFideId "4806212"]
[EventDate "2014.12.13"]
[EventType "team"]

1. e4 e5 2. Nf3 Nc6 3. Nc3 Nf6 4. d4 exd4 5. Nxd4 Nxd4 6. Qxd4 d6 7. Bd3 Be7 8.
O-O O-O 9. b3 Be6 10. Nd5 c6 11. Nxe7+ Qxe7 12. Bg5 Rfe8 13. Bxf6 gxf6 14. Qe3
d5 15. exd5 Bxd5 16. Qg3+ Kh8 17. Qh4 f5 18. Qxe7 Rxe7 19. Bxf5 Re5 20. Bd3 c5
21. Rfe1 Rh5 22. Be4 Rd8 23. Bxd5 Rhxd5 24. h3 Rd2 25. Re7 Rxc2 26. Rxb7 Kg7 27.
Rxa7 Rdd2 28. Rf1 Rb2 29. Ra5 Rdc2 30. Ra4 Kf6 31. Rc4 Rxc4 32. bxc4 Rxa2 33.
Rc1 Ke5 34. Re1+ Kd4 35. Re7 Kxc4 36. Rxf7 Kd4 37. f4 c4 38. Rc7 c3 39. f5 Ra5
40. Kf1 Rxf5+ 41. Ke1 h5 42. Kd1 h4 43. Kc2 Rf2+ 44. Kb3 Rb2+ 45. Ka3 Rxg2 46.
Rd7+ Ke3 47. Kb3 c2 48. Re7+ Kf3 49. Rc7 Kg3 50. Rc3+ Kh2 51. Kb2 Rg3 52. Rxc2+
Rg2 0-1

[Event "World Youth U16 Olympiad"]
[Site "Gyor HUN"]
[Date "2014.12.18"]
[Round "7.25"]
[Board "4"]
[White "Lee, Jeeho"]
[Black "Ameer, Dhafer Abdulameer"]
[Result "1/2-1/2"]
[BlackTitle "CM"]
[WhiteElo "1162"]
[BlackElo "1469"]
[WhiteTeam "South Korea 2"]
[BlackTeam "Iraq"]
[WhiteFideId "13203231"]
[BlackFideId "4807537"]
[EventDate "2014.12.13"]
[EventType "team"]

1. e4 c5 2. Nf3 d6 3. Bb5+ Bd7 4. Bxd7+ Nxd7 5. c4 Ngf6 6. Nc3 g6 7. d4 Bg7 8.
Be3 cxd4 9. Nxd4 O-O 10. O-O Rc8 11. b3 Nc5 12. f3 a6 13. Rc1 Ncd7 14. Qd2 Ne5
15. Rfd1 Nc6 16. Nxc6 Rxc6 17. c5 Qa5 18. Nd5 Qxd2 19. Nxe7+ Kh8 20. Rxd2 Rc7
21. Nd5 Nxd5 22. Rxd5 dxc5 23. Rcxc5 Re7 24. Bg5 f6 25. Bf4 Rfe8 26. Bd6 Rd7 27.
e5 fxe5 28. Bxe5 Rxd5 29. Bxg7+ Kxg7 30. Rxd5 Re2 31. a4 Re7 32. Kf2 Rc7 33. g4
Rf7 34. Kg3 Re7 35. h4 h6 36. g5 h5 37. Kf4 Rf7+ 38. Ke4 Re7+ 39. Re5 Rf7 40. f4
Rd7 41. f5 gxf5+ 42. Rxf5 Rd1 43. Ke5 Re1+ 44. Kd6 Re4 1/2-1/2

[Event "World Youth U16 Olympiad"]
[Site "Gyor HUN"]
[Date "2014.12.18"]
[Round "7.26"]
[Board "1"]
[White "Shi, Diwen"]
[Black "Marek, Matyas"]
[Result "0-1"]
[WhiteTitle "CM"]
[BlackTitle "FM"]
[WhiteElo "2147"]
[BlackElo "2348"]
[WhiteTeam "Canada 3"]
[BlackTeam "Czech Republic"]
[WhiteFideId "2609886"]
[BlackFideId "335398"]
[EventDate "2014.12.13"]
[EventType "team"]

1. e4 c5 2. Nf3 d6 3. d4 cxd4 4. Nxd4 Nf6 5. Nc3 a6 6. Be2 e5 7. Nb3 Be7 8. Bg5
Be6 9. Bxf6 Bxf6 10. Qd3 O-O 11. O-O-O Be7 12. Nd5 Bxd5 13. Qxd5 Qb6 14. Kb1 Nd7
15. Qd3 Qxf2 16. Rdf1 Qb6 17. h4 Rad8 18. g4 Qc6 19. Na5 Qc7 20. Nc4 Nc5 21. Qf3
Qc6 22. Bd3 d5 23. Nxe5 Qe6 24. Qf5 Bd6 25. Nxf7 Rxf7 26. Qxe6 Nxe6 27. Rxf7
Kxf7 28. exd5 Nf4 29. Bxh7 Re8 30. h5 Kf6 31. a3 Kg5 32. Bf5 b5 33. Rd1 Re5 34.
Bc8 a5 35. Ka2 Rxd5 36. Re1 Rd2 37. Bf5 Nxh5 38. Re6 Nf4 39. Re8 g6 40. Rg8 Kf6
41. Be4 Re2 42. Bc6 Rxc2 0-1